000 00588ntaaa2200205 4500
003 01
005 20251027201542.0
008 0714s1973 ag 01
040 _aAR-BaBN
_bspa
_cAR-BaBN
_eaacr
_dRIC
082 _a227.91 T21
100 _aTaylor, William Carey
_911125
245 _aA Epístola de Tiago :
_btraduçao e comentário /
_cWilliam Carey Taylor
260 _aRio de Janeiro :
_bCasa Publicadora Batista,
_c1965
300 _a154 p. ;
_c19 cm.
500 _aEn portugués
650 _aBiblia
_9468
650 _aNuevo Testamento
650 _aSantiago
_913527
942 _cBK
999 _c10117
_d10117